| 000 | 00564nam a2200205Ia 4500 | ||
|---|---|---|---|
| 005 | 20250326144807.0 | ||
| 008 | 250326s9999 xx 000 0 und d | ||
| 020 | _a81-312-0673-4 | ||
| 037 | _aTextbook | ||
| 040 |
_aFMSL _beng _cFMSL |
||
| 041 |
_aeng _2eng |
||
| 084 |
_aX:51 N9 _qFMSL |
||
| 100 |
_aGummesson E _9750125 |
||
| 245 | 0 |
_aTotal relationship marketing _cGummesson E |
|
| 250 | _a2 | ||
| 260 |
_aUnited Kingdom _bUnited Kingdom, Butterworth-Heinemann _c1999 |
||
| 300 | _a306p | ||
| 942 |
_cTB _hX:51 N9 |
||
| 999 |
_c1305086 _d1305086 |
||